| 000 | 00572nam a2200181 i 4500 | ||
|---|---|---|---|
| 001 | 76855 | ||
| 003 | ES-MaACL | ||
| 007 | t| | ||
| 008 | 041005s1948 fr ||||1| fre d | ||
| 100 | 1 |
_aGuignebert, Charles. _960664 |
|
| 245 | 1 | 3 |
_aLe Christ / _cpar Charles Guignebert. |
| 260 |
_aParis : _bAlbin Michel, _c1948 ( _eSaint Amand : _fBussière) |
||
| 300 |
_aXXIX, 410 p. : _bil. ; _c20 cm. |
||
| 490 | 1 |
_aL'évolution de l'humanité ; _v29 bis |
|
| 830 | 0 |
_aL'évolution de l'humanité ; _v29 bis _9181507 |
|
| 852 |
_aES-MaACL _jB-8139 _bR.29285 |
||
| 999 |
_c76855 _d76855 |
||